Modern digital and analog communication systems / (Record no. 16237)
[ view plain ]
| 000 -LEADER | |
|---|---|
| fixed length control field | 01251nac a22003251u 4500 |
| 008 - FIXED-LENGTH DATA ELEMENTS--GENERAL INFORMATION | |
| fixed length control field | 111120s2010 nyua|||frb 001 0 eng d |
| 010 ## - LIBRARY OF CONGRESS CONTROL NUMBER | |
| LC control number | 97016040 |
| 020 ## - INTERNATIONAL STANDARD BOOK NUMBER | |
| International Standard Book Number | 0195384932 |
| 020 ## - INTERNATIONAL STANDARD BOOK NUMBER | |
| International Standard Book Number | 9780195384932 |
| 082 04 - DEWEY DECIMAL CLASSIFICATION NUMBER | |
| Classification number | 621.382 |
| Item number | LAT |
| Edition number | 22 |
| 100 1# - MAIN ENTRY--PERSONAL NAME | |
| Personal name | Lathi, B. P. |
| 9 (RLIN) | 27808 |
| 245 10 - TITLE STATEMENT | |
| Title | Modern digital and analog communication systems / |
| Statement of responsibility, etc | B.P. Lathi, Zhi Ding |
| 250 ## - EDITION STATEMENT | |
| Edition statement | 4th ed., International. |
| 260 ## - PUBLICATION, DISTRIBUTION, ETC. (IMPRINT) | |
| Place of publication, distribution, etc | New York : |
| Name of publisher, distributor, etc | Oxford University Press, |
| Date of publication, distribution, etc | 2010. |
| 300 ## - PHYSICAL DESCRIPTION | |
| Extent | xiii, 903 p. : |
| Other physical details | ill. ; |
| Dimensions | 26 cm. |
| 490 #0 - Series Statement | |
| Series statement | The Oxford series in electrical and computer engineering |
| 500 ## - GENERAL NOTE | |
| General note | Index : p. 889-903. |
| 500 ## - GENERAL NOTE | |
| General note | Appendix : p. 873-888. |
| 504 ## - BIBLIOGRAPHY, ETC. NOTE | |
| Bibliography, etc | Includes bibliographical references. |
| 590 ## - LOCAL NOTE (RLIN) | |
| Local note | Menna elemam |
| 650 #0 - SUBJECT ADDED ENTRY--TOPICAL TERM | |
| Topical term or geographic name as entry element | Telecommunication systems. |
| 9 (RLIN) | 27810 |
| Source of heading or term | BUEsh |
| 650 #0 - SUBJECT ADDED ENTRY--TOPICAL TERM | |
| Topical term or geographic name as entry element | Digital communications. |
| 9 (RLIN) | 27811 |
| Source of heading or term | BUEsh |
| 650 #0 - SUBJECT ADDED ENTRY--TOPICAL TERM | |
| Topical term or geographic name as entry element | Statistical communication theory. |
| 9 (RLIN) | 27812 |
| Source of heading or term | BUEsh |
| 651 ## - SUBJECT ADDED ENTRY--GEOGRAPHIC NAME | |
| Source of heading or term | BUEsh |
| 653 ## - INDEX TERM--UNCONTROLLED | |
| Resource For college | Informatics and Computer Science |
| Arrived date list | August2015 |
| 700 1# - ADDED ENTRY--PERSONAL NAME | |
| Personal name | Ding, Zhi |
| 9 (RLIN) | 27807 |
| 856 42 - ELECTRONIC LOCATION AND ACCESS | |
| Materials specified | Publisher description |
| Uniform Resource Identifier | <a href="http://www.loc.gov/catdir/enhancements/fy0605/97016040-d.html">http://www.loc.gov/catdir/enhancements/fy0605/97016040-d.html</a> |
| 856 42 - ELECTRONIC LOCATION AND ACCESS | |
| Materials specified | Table of contents only |
| Uniform Resource Identifier | <a href="http://www.loc.gov/catdir/enhancements/fy0605/97016040-t.html">http://www.loc.gov/catdir/enhancements/fy0605/97016040-t.html</a> |
| 942 ## - ADDED ENTRY ELEMENTS (KOHA) | |
| Item type | |
| Call number prefix | 621.382 LAT |
| Source of classification or shelving scheme | Dewey Decimal Classification |
| Withdrawn status | Item status | Source of classification or shelving scheme | Damaged status | Not for loan | Vendor | Home library | Current library | Shelving location | Date acquired | Source of acquisition | Cost, normal purchase price | Total Checkouts | Full call number | Barcode | Date last seen | Cost, replacement price | Koha item type | Total Renewals | Date last borrowed | Checked out |
|---|---|---|---|---|---|---|---|---|---|---|---|---|---|---|---|---|---|---|---|---|
| Dewey Decimal Classification | Baccah | Central Library | Central Library | First floor | 20/11/2011 | 280.00 | 621.382 LAT | 000025665 | 15/07/2025 | 350.00 | NB - Book (Non borrowing) | |||||||||
| Dewey Decimal Classification | Baccah | Central Library | Central Library | First floor | 20/11/2011 | 280.00 | 4 | 621.382 LAT | 000025666 | 15/07/2025 | 350.00 | Book - Borrowing | 18 | 29/10/2014 | ||||||
| Dewey Decimal Classification | Baccah | Central Library | Central Library | First floor | 20/11/2011 | 280.00 | 13 | 621.382 LAT | 000025667 | 15/07/2025 | 350.00 | Book - Borrowing | 108 | 19/02/2020 | ||||||
| Dewey Decimal Classification | Baccah | Central Library | Central Library | First floor | 20/11/2011 | 280.00 | 17 | 621.382 LAT | 000025668 | 06/11/2023 | 350.00 | Book - Borrowing | 160 | 06/11/2023 | 13/11/2023 | |||||
| Dewey Decimal Classification | Baccah | Central Library | Central Library | First floor | 20/11/2011 | 280.00 | 17 | 621.382 LAT | 000025669 | 15/07/2025 | 350.00 | Book - Borrowing | 131 | 18/03/2023 |